| 000 | 00493nam a2200193 a 4500 | ||
|---|---|---|---|
| 001 | 3384 | ||
| 005 | 20140414132022.0 | ||
| 008 | 040601s19uu xx 00 eng d | ||
| 020 | _a0-590-42566-8 | ||
| 050 |
_aTR _bT49 1987 |
||
| 100 | _aCarle, Eric | ||
| 245 |
_aTiny seed (The) / _cEric Carle. |
||
| 260 |
_aNew York : _bScholastic, _c1987. |
||
| 300 | _a1 v. (unp.) : ill. ; cm. | ||
| 500 | _aTR/PS | ||
| 650 | _aSeedlings--Fiction. | ||
| 650 | _aGrowing--Fiction. | ||
| 999 |
_c113501 _d113501 |
||